Бюджетный процесс в Российской Федерации: учебное пособие

Detalles Bibliográficos
Otros Autores: Баранова Л. Г. Лариса Гурьевна, Врублевская О. В. Ольга Владимировна, Косарева Т. Е. Тамара Евгеньевна, Юринова Л. А. Лидия Андреевна
Sumario:Исключено из фонда НТБ ТПУ
Lenguaje:ruso
Publicado: Москва, Перспектива, 1998
Formato: Libro
KOHA link:https://koha.lib.tpu.ru/cgi-bin/koha/opac-detail.pl?biblionumber=7677

MARC

LEADER 00000nam0a2200000 4500
001 7677
005 20231030181302.0
010 |a 5880450287 
035 |a (RuTPU)RU\TPU\book\7722 
035 |a BOOK00007781 
090 |a 7677 
100 |a 20011209d1998 m y0rusy50 ca 
101 0 |a rus 
102 |a RU 
105 |a y j 000zy 
200 1 |a Бюджетный процесс в Российской Федерации  |e учебное пособие  |f Л. Г. Баранова, О. В. Врублевская, Т. Е. Косарева, Л. А. Юринова 
210 |a Москва  |c Перспектива  |d 1998 
215 |a 221 с. 
333 |a Исключено из фонда НТБ ТПУ 
686 |a У9(2)261.3я73  |v LBC/SL-A  |2 rubbk 
686 |a Х622я73  |v LBC/SL-A  |2 rubbk 
701 1 |a Баранова  |b Л. Г.  |g Лариса Гурьевна 
701 1 |a Врублевская  |b О. В.  |g Ольга Владимировна 
701 1 |a Косарева  |b Т. Е.  |g Тамара Евгеньевна 
701 1 |a Юринова  |b Л. А.  |g Лидия Андреевна 
801 0 |a RU  |b 63413507  |c 20011209  |g PSBO 
801 2 |a RU  |b 63413507  |c 20210617  |g PSBO 
942 |c BK